[Event "EWICC 2019"]
[Site "Antalya"]
[Date "2019.04.16"]
[Round "6.59"]
[White "Duran, Esma Doga"]
[Black "Pipia, Ekaterine"]
[Result "0-1"]
[WhiteElo "2131"]
[BlackElo "1936"]
[Annotator "NA"]
[PlyCount "104"]
[EventDate "2019.04.11"]
[EventType "swiss"]
[EventCountry "TUR"]
[SourceTitle "playchess.com"]
[Source "ChessBase"]
[SourceQuality "1"]

1. d4 Nf6 2. c4 e6 3. Nf3 d5 4. g3 Bb4+ 5. Bd2 Be7 6. Bg2 O-O 7. Qc2 c6 8. O-O b6 9. Bf4 Bb7 10. Rd1 Nbd7 11. Ne5 Rc8 12. Nc3 Nh5 13. Bc1 f5 14. Qa4 a6 15. cxd5 b5 16. Qb3 Nxe5 17. dxe5 cxd5 18. e4 fxe4 19. Bh3 Kh8 20. Nxe4 Qc7 21. Nd6 Bxd6 22. exd6 Qxd6 23. Qe3 Rce8 24. b4 d4 25. Rxd4 Qc6 26. Kf1 Qh1+ 27. Ke2 Rf3 28. Qg5 Qxh2 29. Be3 Nxg3+ 30. Kd3 Qxh3 31. fxg3 Qxg3 32. Rg1 Qxg5 33. Rxg5 Bd5 34. Rdg4 g6 35. Ke2 Rf5 36. Rxf5 exf5 37. Rd4 Bxa2 38. Kf3 Re4 39. Rd8+ Kg7 40. Rd7+ Kf6 41. Bc5 h6 42. Rd6+ Re6 43. Rd8 g5 44. Bd4+ Ke7 45. Rh8 Bb3 46. Rh7+ Kd6 47. Bc5+ Kd5 48. Rd7+ Kc4 49. Rc7 Kd3 50. Rd7+ Kc2 51. Kg3 h5 52. Rg7 f4+ 0-1

[Event "EWICC 2019"]
[Site "Antalya"]
[Date "2019.04.16"]
[Round "6.60"]
[White "Kocyigit, Buse Naz"]
[Black "Oz, Irem Ezra"]
[Result "1-0"]
[WhiteElo "1932"]
[BlackElo "1687"]
[Annotator "NA"]
[PlyCount "95"]
[EventDate "2019.04.11"]
[EventType "swiss"]
[EventCountry "TUR"]
[SourceTitle "playchess.com"]
[Source "ChessBase"]
[SourceQuality "1"]

1. d4 d5 2. Nf3 Nf6 3. c4 c6 4. Qc2 dxc4 5. Qxc4 Bg4 6. Nbd2 Nbd7 7. g3 e6 8. Bg2 Be7 9. O-O O-O 10. h3 Bh5 11. Ne5 Nxe5 12. dxe5 Nd5 13. Nb3 a5 14. e4 Nb6 15. Qc2 a4 16. Nc5 Bxc5 17. Qxc5 Nd7 18. Qc3 Qa5 19. Qxa5 Rxa5 20. g4 Bg6 21. f4 f6 22. Rd1 Rd8 23. exf6 gxf6 24. Rd6 Bf7 25. Be3 Raa8 26. Rad1 Be8 27. Rxe6 Nf8 28. Rxd8 Rxd8 29. Rxf6 Bf7 30. a3 Rd3 31. Kf2 Ne6 32. f5 Nc7 33. e5 Bd5 34. Bf1 Rb3 35. Bh6 Rf3+ 36. Ke2 Ne6 37. Rxe6 Bxe6 38. Kxf3 Bd5+ 39. Kf4 Kf7 40. e6+ Ke8 41. Ke5 Kd8 42. f6 Kc7 43. f7 Kb6 44. f8=Q Ka7 45. Be3+ b6 46. Bxb6+ Kxb6 47. Qb8+ Kc5 48. Qb4# 1-0

[Event "EWICC 2019"]
[Site "Antalya"]
[Date "2019.04.16"]
[Round "6.61"]
[White "Koljevic, Nikolina"]
[Black "Makka, Ioulia"]
[Result "1-0"]
[WhiteElo "1917"]
[BlackElo "2121"]
[Annotator "NA"]
[PlyCount "66"]
[EventDate "2019.04.11"]
[EventType "swiss"]
[EventCountry "TUR"]
[SourceTitle "playchess.com"]
[Source "ChessBase"]
[SourceQuality "1"]

1. e4 c6 2. d4 d6 3. Nc3 g6 4. Be3 Bg7 5. Qd2 b5 6. a4 b4 7. Nce2 a5 8. f3 Ba6 9. g4 Nd7 10. h4 Nb6 11. b3 h5 12. gxh5 gxh5 13. Nh3 Qc7 14. Ng5 c5 15. Rc1 c4 16. Ng3 Qb7 17. Nf5 Bf8 18. d5 f6 19. Ne6 Nd7 20. Qg2 Ne5 21. Nxf8 Kxf8 22. Qg7+ Ke8 23. Qxh8 Kd7 24. Nd4 f5 25. Bh3 Kc7 26. Ne6+ Kd7 27. Nc5+ dxc5 28. Qxe5 Nf6 29. Bxf5+ Kd8 30. Bg5 cxb3 31. cxb3 Qb6 32. Bxf6 exf6 33. Qe6 Qb7 1-0

[Event "EWICC 2019"]
[Site "Antalya"]
[Date "2019.04.16"]
[Round "6.62"]
[White "Chan, Naruna"]
[Black "Tanir, Simay"]
[Result "0-1"]
[WhiteElo "2004"]
[BlackElo "1361"]
[Annotator "NA"]
[PlyCount "84"]
[EventDate "2019.04.11"]
[EventType "swiss"]
[EventCountry "TUR"]
[SourceTitle "playchess.com"]
[Source "ChessBase"]
[SourceQuality "1"]

1. e4 e6 2. d4 d5 3. Nc3 Bb4 4. e5 c5 5. a3 Bxc3+ 6. bxc3 Ne7 7. a4 Qa5 8. Bd2 c4 9. Qg4 Nf5 10. Nf3 Nc6 11. Be2 Bd7 12. Ng5 h6 13. Nh3 O-O-O 14. f4 f6 15. exf6 gxf6 16. Qf3 h5 17. Qf2 Rdg8 18. Bf3 Nce7 19. O-O Ng6 20. Kh1 Ngh4 21. Ng1 Rg7 22. Be1 Rhg8 23. g3 Nxf3 24. Nxf3 Qc7 25. Qe2 Rg4 26. Bf2 Qa5 27. Qd2 Nd6 28. Qe3 Ne4 29. Be1 Bxa4 30. Nd2 f5 31. Nxe4 dxe4 32. Qe2 Qb5 33. h3 R4g7 34. Qxh5 Bxc2 35. Rxa7 Kb8 36. Ra1 e3 37. Qe2 Bd3 38. Qa2 Bxf1 39. Kg1 Bxh3 40. Qa7+ Kc7 41. Ra5 Rxg3+ 42. Bxg3 Rxg3+ 0-1

[Event "EWICC 2019"]
[Site "Antalya"]
[Date "2019.04.16"]
[Round "6.63"]
[White "Catal, Uktenur"]
[Black "Nemcova, Karin"]
[Result "0-1"]
[WhiteElo "1820"]
[BlackElo "2066"]
[Annotator "NA"]
[PlyCount "94"]
[EventDate "2019.04.11"]
[EventType "swiss"]
[EventCountry "TUR"]
[SourceTitle "playchess.com"]
[Source "ChessBase"]
[SourceQuality "1"]

1. d4 d5 2. c4 e6 3. Nc3 Nf6 4. cxd5 exd5 5. Bg5 c6 6. Qc2 Be7 7. e3 Nbd7 8. Bd3 O-O 9. Nge2 Re8 10. f3 Nf8 11. Bh4 g6 12. Bf2 Ne6 13. O-O b5 14. a3 a5 15. h3 Ba6 16. Rfd1 Qb8 17. e4 b4 18. Bxa6 bxc3 19. Bd3 Qxb2 20. Qxc3 Qxc3 21. Nxc3 Rab8 22. Bc2 Red8 23. Na4 Rd7 24. e5 Ne8 25. Bd3 Rb3 26. Nc5 Nxc5 27. dxc5 Rc3 28. Kf1 Ng7 29. Ke2 Bxc5 30. Rac1 Rxc1 31. Rxc1 Bxa3 32. Rxc6 Ne6 33. Rc8+ Kg7 34. g3 Rb7 35. f4 Rb2+ 36. Kf1 Rd2 37. Rc3 Bb4 38. Rb3 d4 39. Bc4 Nc5 40. Rb1 Rc2 41. Bd5 d3 42. Be3 h5 43. h4 d2 44. Ke2 Na4 45. Bb3 Nc3+ 46. Kd3 d1=Q+ 47. Rxd1 Rb2 0-1

[Event "EWICC 2019"]
[Site "Antalya"]
[Date "2019.04.16"]
[Round "6.64"]
[White "Olde, Margareth"]
[Black "Alexanian, Nelli"]
[Result "1-0"]
[WhiteElo "2088"]
[BlackElo "2043"]
[Annotator "NA"]
[PlyCount "41"]
[EventDate "2019.04.11"]
[EventType "swiss"]
[EventCountry "TUR"]
[SourceTitle "playchess.com"]
[Source "ChessBase"]
[SourceQuality "1"]

1. d4 e6 2. c4 f5 3. g3 Nf6 4. Bg2 d5 5. Nf3 c6 6. Qc2 Bd6 7. O-O O-O 8. Nbd2 Ne4 9. Rb1 Nd7 10. b4 a6 11. a4 Ndf6 12. Ne5 Bxe5 13. dxe5 Ng4 14. Nf3 Qc7 15. Bf4 g5 16. Nxg5 Nxg5 17. Bxg5 Qg7 18. Qd2 Qxe5 19. h3 Nf6 20. Bf4 Ne4 21. Bxe4 1-0

[Event "EWICC 2019"]
[Site "Antalya"]
[Date "2019.04.16"]
[Round "6.65"]
[White "Demirtas, Hafize"]
[Black "Teuschler, Barbara"]
[Result "0-1"]
[WhiteElo "1888"]
[BlackElo "2180"]
[Annotator "NA"]
[PlyCount "53"]
[EventDate "2019.04.11"]
[EventType "swiss"]
[EventCountry "TUR"]
[SourceTitle "playchess.com"]
[Source "ChessBase"]
[SourceQuality "1"]

1. e4 e5 2. Nf3 Nc6 3. Bc4 Bc5 4. O-O d6 5. h3 Nf6 6. d3 h6 7. c3 Bb6 8. Na3 g5 9. Nh2 g4 10. hxg4 Rg8 11. g5 hxg5 12. Be3 g4 13. Bxb6 axb6 14. g3 Qe7 15. Nc2 Na5 16. Bb3 Nxb3 17. axb3 Rxa1 18. Qxa1 Qf8 19. Qc1 Qg7 20. Ne1 Rh8 21. Ng2 Ng8 22. Nh4 Ne7 23. Kg2 Bd7 24. Rh1 f5 25. exf5 Bc6+ 26. Kg1 Rxh4 27. f3 0-1

[Event "EWICC 2019"]
[Site "Antalya"]
[Date "2019.04.18"]
[Round "7.1"]
[White "Sebag, Marie"]
[Black "Kashlinskaya, Alina"]
[Result "1/2-1/2"]
[WhiteElo "2461"]
[BlackElo "2477"]
[Annotator "ChessBase"]
[PlyCount "23"]
[EventDate "2019.04.11"]
[EventType "swiss"]
[EventCountry "TUR"]
[SourceTitle "playchess.com"]
[Source "ChessBase"]
[SourceQuality "1"]

1. e4 e5 2. Nf3 Nc6 3. Bb5 Nf6 4. O-O Nxe4 5. Re1 Nd6 6. Nxe5 Be7 7. Bf1 Nf5 8. Nf3 d5 9. d4 O-O 10. c3 Re8 11. Bf4 Bd6 12. Rxe8+ 1/2-1/2

[Event "EWICC 2019"]
[Site "Antalya"]
[Date "2019.04.18"]
[Round "7.2"]
[White "Bodnaruk, Anastasia"]
[Black "Goryachkina, Aleksandra"]
[Result "1/2-1/2"]
[WhiteElo "2427"]
[BlackElo "2534"]
[Annotator "ChessBase"]
[PlyCount "69"]
[EventDate "2019.04.11"]
[EventType "swiss"]
[EventCountry "TUR"]
[SourceTitle "playchess.com"]
[Source "ChessBase"]
[SourceQuality "1"]

1. e4 e6 2. d4 d5 3. Nc3 Bb4 4. e5 c5 5. a3 Bxc3+ 6. bxc3 Ne7 7. Qg4 cxd4 8. Qxg7 Rg8 9. Qxh7 Qc7 10. Ne2 Nbc6 11. f4 dxc3 12. h4 Bd7 13. h5 O-O-O 14. Qd3 d4 15. h6 Kb8 16. Rb1 Bc8 17. h7 Rh8 18. g4 b6 19. Bg2 Bb7 20. Be4 Ng6 21. Rh5 Nf8 22. a4 f6 23. Bxc6 Qxc6 24. Nxd4 Qd5 25. Be3 fxe5 26. Rb5 Qg2 27. Nc6+ Bxc6 28. Qxd8+ Kb7 29. Rb4 Ng6 30. Qf6 Qxc2 31. Qf7+ Ka8 32. Qg8+ Kb7 33. Qf7+ Ka8 34. Qg8+ Kb7 35. Qf7+ 1/2-1/2

[Event "EWICC 2019"]
[Site "Antalya"]
[Date "2019.04.18"]
[Round "7.3"]
[White "Khotenashvili, Bela"]
[Black "Danielian, Elina"]
[Result "1/2-1/2"]
[WhiteElo "2479"]
[BlackElo "2413"]
[Annotator "ChessBase"]
[PlyCount "97"]
[EventDate "2019.04.11"]
[EventType "swiss"]
[EventCountry "TUR"]
[SourceTitle "playchess.com"]
[Source "ChessBase"]
[SourceQuality "1"]

1. c4 e5 2. Nc3 Nf6 3. Nf3 Nc6 4. e3 Bb4 5. Qc2 O-O 6. Nd5 Re8 7. Qf5 d6 8. Nxf6+ Qxf6 9. Qxf6 gxf6 10. a3 Bc5 11. b4 Bb6 12. Bb2 a5 13. b5 Ne7 14. d4 Ng6 15. h4 h5 16. Rc1 a4 17. c5 Ba5+ 18. Bc3 Bd7 19. Be2 Bxc3+ 20. Rxc3 Ra5 21. cxd6 cxd6 22. Rc7 Bxb5 23. Rxb7 Bc6 24. Rb4 Kg7 25. Kd2 f5 26. Rb6 Be4 27. Rxd6 Rb8 28. Rc1 Rb2+ 29. Ke1 Bxf3 30. Bxf3 Nxh4 31. Bd5 exd4 32. exd4 Ra7 33. Kf1 Rd2 34. Bc4 f4 35. Rd5 Ng6 36. Ke1 Rb2 37. Rxh5 Re7+ 38. Kf1 Rd2 39. Rd5 Rb7 40. Rb5 Rd7 41. Rb4 R7xd4 42. Rxa4 f3 43. gxf3 Rh4 44. Kg2 Rdd4 45. Rb4 Nf4+ 46. Kg3 Nh5+ 47. Kg2 Nf4+ 48. Kg3 Nh5+ 49. Kg2 1/2-1/2

[Event "EWICC 2019"]
[Site "Antalya"]
[Date "2019.04.18"]
[Round "7.4"]
[White "Sandu, Mihaela"]
[Black "Atalik, Ekaterina"]
[Result "0-1"]
[WhiteElo "2278"]
[BlackElo "2455"]
[Annotator "ChessBase"]
[PlyCount "96"]
[EventDate "2019.04.11"]
[EventType "swiss"]
[EventCountry "TUR"]
[SourceTitle "playchess.com"]
[Source "ChessBase"]
[SourceQuality "1"]

1. e4 c6 2. d4 d5 3. e5 Bf5 4. Nf3 e6 5. Be2 Ne7 6. O-O c5 7. c4 Nbc6 8. dxc5 d4 9. Qa4 Ng6 10. Rd1 d3 11. Be3 Qd7 12. Na3 Ngxe5 13. Nxe5 Nxe5 14. Nb5 Rd8 15. Bf4 f6 16. Qxa7 Be7 17. b3 Qc6 18. Bf1 Bxc5 19. Qa5 O-O 20. Qd2 Ng4 21. Bg3 e5 22. h3 Nh6 23. Qc3 e4 24. b4 Be7 25. Nc7 Rd7 26. b5 Qc5 27. b6 Qxb6 28. Nd5 Qc6 29. Nxe7+ Rxe7 30. c5 Nf7 31. Rab1 Rc8 32. Rdc1 Rd7 33. Qd2 Qd5 34. Rb5 Be6 35. Bf4 Qxa2 36. Qb4 Bd5 37. Rb6 Bc6 38. Rxc6 bxc6 39. Qxe4 Qd5 40. Qe3 g5 41. Bh2 d2 42. Rd1 Ne5 43. Kh1 Qd4 44. Qb3+ Kg7 45. Qe6 Qd5 46. Qf5 Re8 47. Bg3 Nc4 48. Qc2 Re1 0-1

[Event "EWICC 2019"]
[Site "Antalya"]
[Date "2019.04.18"]
[Round "7.5"]
[White "Ushenina, Anna"]
[Black "Fataliyeva, Ulviyya"]
[Result "1-0"]
[WhiteElo "2432"]
[BlackElo "2266"]
[Annotator "TA"]
[PlyCount "139"]
[EventDate "2019.04.11"]
[EventType "swiss"]
[EventCountry "TUR"]
[SourceTitle "playchess.com"]
[Source "ChessBase"]
[SourceQuality "1"]

1. Nf3 e6 2. g3 Nf6 3. Bg2 Be7 4. d4 d5 5. c4 O-O 6. Qc2 a6 7. Bf4 c5 8. dxc5 Bxc5 9. O-O Qb6 10. Nc3 Bd7 11. cxd5 exd5 12. Ne5 Bc6 13. Nxc6 Qxc6 14. Qb3 Qe6 15. Nxd5 Qxe2 16. Nxf6+ gxf6 17. Qd5 Qb5 18. Rac1 Bb6 19. Qxb7 Ra7 20. Qf3 Qf5 21. Rfd1 Nd7 22. Bh6 Qxf3 23. Bxf3 Rb8 24. b3 Ne5 25. Be2 a5 26. Kg2 a4 27. b4 Re7 28. Rc2 Re6 29. b5 f5 30. Bf4 Rbe8 31. Bf1 Ng6 32. Bc1 h5 33. Rc6 Ne5 34. Rxe6 Rxe6 35. h3 h4 36. Rd5 Ng6 37. Bd2 hxg3 38. fxg3 Ne7 39. Rd7 Kf8 40. Bc4 Re4 41. Bd3 Re6 42. Bb4 Ke8 43. Rd6 Rxd6 44. Bxd6 Nd5 45. Kf3 Kd7 46. Bf8 Nc3 47. a3 Ke6 48. Bb4 Bd4 49. Bc4+ Kd7 50. Kf4 Ne4 51. Bd3 Ke6 52. Bc4+ Kf6 53. g4 Be5+ 54. Ke3 Nd6 55. Be2 fxg4 56. hxg4 Ke6 57. b6 Kd7 58. Bf3 Bh2 59. Kd4 Bg1+ 60. Kd5 Nb7 61. Bd1 Bxb6 62. Bxa4+ Kc7 63. Be8 f6 64. Be7 Be3 65. Bxf6 Bc5 66. a4 Bf8 67. g5 Kb6 68. g6 Nd6 69. Bd4+ Ka5 70. Bd7 1-0

[Event "EWICC 2019"]
[Site "Antalya"]
[Date "2019.04.18"]
[Round "7.6"]
[White "Guichard, Pauline"]
[Black "Tsolakidou, Stavroula"]
[Result "0-1"]
[WhiteElo "2392"]
[BlackElo "2429"]
[Annotator "NA"]
[PlyCount "96"]
[EventDate "2019.04.11"]
[EventType "swiss"]
[EventCountry "TUR"]
[SourceTitle "playchess.com"]
[Source "ChessBase"]
[SourceQuality "1"]

1. Nf3 Nf6 2. g3 d5 3. Bg2 c6 4. O-O Bg4 5. d3 e6 6. h3 Bh5 7. Qe1 Be7 8. e4 O-O 9. e5 Nfd7 10. Bf4 c5 11. Nbd2 Nc6 12. h4 h6 13. Bh3 g5 14. hxg5 hxg5 15. g4 gxf4 16. gxh5 Qc7 17. c3 Ndxe5 18. d4 cxd4 19. cxd4 Nxf3+ 20. Nxf3 Bd6 21. Kh1 Qe7 22. Qd2 Qf6 23. Rg1+ Kh8 24. Rg4 Rg8 25. Rag1 Rxg4 26. Rxg4 Rg8 27. Rxg8+ Kxg8 28. Qd1 Bc7 29. b4 a6 30. Qd3 Bb6 31. b5 axb5 32. Qxb5 Nxd4 33. Qb2 Bc5 34. a4 Kg7 35. Nh2 Qh4 36. Bg4 b6 37. Qd2 Qf6 38. a5 Nb3 39. Qd3 Nxa5 40. Bd1 Qh4 41. Qf3 Bxf2 42. h6+ Kh7 43. Bc2+ f5 44. Bxf5+ exf5 45. Qxd5 Qf6 46. Nf3 Bc5 47. Qd7+ Kxh6 48. Qc7 Qd6 0-1

[Event "EWICC 2019"]
[Site "Antalya"]
[Date "2019.04.18"]
[Round "7.7"]
[White "Paramzina, Anastasya"]
[Black "Gaponenko, Inna"]
[Result "0-1"]
[WhiteElo "2214"]
[BlackElo "2428"]
[Annotator "ChessBase"]
[PlyCount "132"]
[EventDate "2019.04.11"]
[EventType "swiss"]
[EventCountry "TUR"]
[SourceTitle "playchess.com"]
[Source "ChessBase"]
[SourceQuality "1"]

1. e4 e6 2. d4 d5 3. Nd2 c5 4. Ngf3 Nf6 5. e5 Nfd7 6. c3 Nc6 7. Bd3 g6 8. a3 Qb6 9. b4 cxd4 10. cxd4 Nxd4 11. Bb2 Nc5 12. Bb1 Nc6 13. O-O Bg7 14. Re1 O-O 15. bxc5 Qxb2 16. Nb3 Qc3 17. Nfd2 Bh6 18. Ra2 Nd4 19. Ne4 dxe4 20. Nxd4 Qxc5 21. Rxe4 Bd7 22. Bd3 Rfd8 23. h4 Qc1 24. Qxc1 Bxc1 25. Re1 Be8 26. Nf3 Rxd3 27. Rxc1 Bc6 28. Ne1 Rd4 29. g3 Rad8 30. f4 h6 31. Kf2 Kg7 32. Re2 Ra4 33. Rc3 Rd1 34. Nc2 Bb5 35. Re1 Rd7 36. Rb1 Bc6 37. Nb4 Be4 38. Re1 Bf5 39. Re2 a5 40. Na2 Rad4 41. Nc1 Ra4 42. Rb2 Be4 43. Ke2 Bd5 44. Ke3 Re4+ 45. Kf2 Bc4 46. Kf3 Red4 47. Ke3 b5 48. Rbc2 Rd1 49. a4 Rg1 50. Kf2 Rdd1 51. axb5 Rdf1+ 52. Ke3 Rxg3+ 53. Kd4 Rxc3 54. Rxc3 Bxb5 55. Kc5 Be8 56. Ne2 a4 57. Ra3 Rf2 58. Ra2 g5 59. fxg5 hxg5 60. h5 g4 61. Kd4 Bb5 62. Nc3 Rxa2 63. Nxa2 Kh6 64. Nc3 Bc6 65. Kc5 g3 66. Ne2 a3 0-1

[Event "EWICC 2019"]
[Site "Antalya"]
[Date "2019.04.18"]
[Round "7.8"]
[White "Paehtz, Elisabeth"]
[Black "Mkrtchian, Lilit"]
[Result "1/2-1/2"]
[WhiteElo "2456"]
[BlackElo "2397"]
[Annotator "ChessBase"]
[PlyCount "32"]
[EventDate "2019.04.11"]
[EventType "swiss"]
[EventCountry "TUR"]
[SourceTitle "playchess.com"]
[Source "ChessBase"]
[SourceQuality "1"]

1. Nf3 d5 2. e3 Nf6 3. c4 e6 4. b3 b6 5. Bb2 Bb7 6. Nc3 a6 7. cxd5 exd5 8. d4 Nbd7 9. g3 Bd6 10. Bg2 O-O 11. O-O Qe7 12. Rc1 Ne4 13. Qc2 f5 14. Ne5 Nxe5 15. Nxe4 Nf3+ 16. Bxf3 fxe4 1/2-1/2

[Event "EWICC 2019"]
[Site "Antalya"]
[Date "2019.04.18"]
[Round "7.9"]
[White "Pogonina, Natalija"]
[Black "Khukhashvili, Sopiko"]
[Result "1-0"]
[WhiteElo "2455"]
[BlackElo "2342"]
[Annotator "ChessBase"]
[PlyCount "90"]
[EventDate "2019.04.11"]
[EventType "swiss"]
[EventCountry "TUR"]
[SourceTitle "playchess.com"]
[Source "ChessBase"]
[SourceQuality "1"]

1. d4 Nf6 2. c4 e6 3. g3 Bb4+ 4. Bd2 Qe7 5. Bg2 Nc6 6. Nf3 O-O 7. Nc3 Bxc3 8. Bxc3 Ne4 9. Rc1 d5 10. O-O Rd8 11. Qb3 a5 12. Rfd1 a4 13. Qc2 a3 14. b3 Bd7 15. Be1 Be8 16. Ne5 f6 17. Nxc6 Bxc6 18. Bd2 Nxd2 19. Rxd2 Ra6 20. cxd5 exd5 21. Rd3 Qb4 22. e3 g6 23. Rc3 Kf7 24. h4 f5 25. h5 Rb6 26. Bf3 Qe7 27. Kg2 Qf6 28. Rc5 Rd7 29. Qc3 Qe6 30. b4 Rb5 31. Kg1 Re7 32. Qb3 Rb6 33. Qxa3 g5 34. Qb3 f4 35. exf4 gxf4 36. g4 Kf6 37. Kh2 Rg7 38. Rg1 Rg5 39. Qc3 Qd6 40. a3 h6 41. Qc2 Qd7 42. Re1 Ra6 43. b5 Bxb5 44. Rxd5 Rd6 45. Rxg5 Kxg5 1-0

[Event "EWICC 2019"]
[Site "Antalya"]
[Date "2019.04.18"]
[Round "7.10"]
[White "Badelka, Olga"]
[Black "Mammadzada, Gunay"]
[Result "1/2-1/2"]
[WhiteElo "2381"]
[BlackElo "2438"]
[Annotator "ChessBase"]
[PlyCount "205"]
[EventDate "2019.04.11"]
[EventType "swiss"]
[EventCountry "TUR"]
[SourceTitle "playchess.com"]
[Source "ChessBase"]
[SourceQuality "1"]

1. d4 Nf6 2. c4 e6 3. Nc3 Bb4 4. Bd2 O-O 5. Nf3 b6 6. e3 Bb7 7. Bd3 c5 8. a3 Bxc3 9. Bxc3 cxd4 10. exd4 d5 11. b3 Nbd7 12. O-O Ne4 13. Bb2 Re8 14. Qe2 f5 15. Rfd1 Qe7 16. Ne1 Rac8 17. f3 Nd6 18. Rac1 dxc4 19. bxc4 e5 20. Bb1 e4 21. Ba2 Kh8 22. fxe4 fxe4 23. Nc2 e3 24. d5 Ne5 25. Nd4 Nexc4 26. Bxc4 Rxc4 27. Rxc4 Nxc4 28. Qxc4 e2 29. Qxe2 Qxe2 30. Nxe2 Rxe2 31. d6 Rxg2+ 32. Kf1 Rxh2 33. Rd4 Bc6 34. d7 Bxd7 35. Rxd7 Kg8 36. Bxg7 a5 37. Bd4 b5 38. Ra7 Rh4 39. Bc5 b4 40. Rxa5 bxa3 41. Bxa3 Kf7 42. Kg2 Re4 43. Kf3 Re6 44. Bb2 Kg6 45. Ra7 Rb6 46. Bd4 Rd6 47. Ke4 h5 48. Be5 Re6 49. Kf4 h4 50. Rg7+ Kh6 51. Rg8 Kh7 52. Rh8+ Kg6 53. Rxh4 Re7 54. Rg4+ Kf7 55. Kf5 Ke8 56. Bd6 Rf7+ 57. Ke6 Re7+ 58. Kd5 Rh7 59. Ra4 Kf7 60. Rf4+ Kg6 61. Rf1 Rf7 62. Rg1+ Kf5 63. Rg2 Kf6 64. Ke4 Rd7 65. Be5+ Ke6 66. Rg6+ Kf7 67. Rh6 Ke8 68. Rh8+ Ke7 69. Kf5 Kf7 70. Rc8 Ke7 71. Bf6+ Kd6 72. Ke4 Rh7 73. Be5+ Kd7 74. Rc7+ Ke6 75. Rc6+ Kd7 76. Kd5 Ke8 77. Rc1 Kf7 78. Rf1+ Ke7 79. Bd6+ Kd7 80. Rf8 Rg7 81. Be5 Rh7 82. Rf6 Re7 83. Ra6 Rf7 84. Bf6 Kc8 85. Ke6 Rc7 86. Be5 Kb7 87. Ra1 Rh7 88. Bd4 Rc7 89. Kd6 Rc6+ 90. Kd5 Rc7 91. Rb1+ Kc8 92. Be5 Rb7 93. Rh1 Kd7 94. Bd6 Ke8 95. Kc6 Rg7 96. Rf1 Rg8 97. Rf6 Rh8 98. Kd5 Rh7 99. Rf8+ Kd7 100. Be5 Re7 101. Ra8 Rf7 102. Rb8 Re7 103. Bf6 1/2-1/2

[Event "EWICC 2019"]
[Site "Antalya"]
[Date "2019.04.18"]
[Round "7.11"]
[White "Zawadzka, Jolanta"]
[Black "Arakhamia-Grant, Ketevan"]
[Result "1-0"]
[WhiteElo "2418"]
[BlackElo "2360"]
[Annotator "NA"]
[PlyCount "84"]
[EventDate "2019.04.11"]
[EventType "swiss"]
[EventCountry "TUR"]
[SourceTitle "playchess.com"]
[Source "ChessBase"]
[SourceQuality "1"]

1. e4 c5 2. Nf3 Nc6 3. d4 cxd4 4. Nxd4 e5 5. Nb5 d6 6. c4 Be7 7. N1c3 a6 8. Na3 Be6 9. Nc2 Rc8 10. Be2 Nf6 11. O-O O-O 12. Bd2 Re8 13. Rc1 Nd4 14. b3 Nxe2+ 15. Qxe2 Nd7 16. Rfd1 Nf8 17. Ne3 Qd7 18. Ncd5 Bd8 19. Bb4 Rc6 20. Ba3 Ng6 21. g3 Bg5 22. Rc3 a5 23. Rcd3 f5 24. Nxf5 Bxf5 25. exf5 e4 26. Rd4 Qxf5 27. f4 Bd8 28. Re1 e3 29. Rd3 Rf8 30. Qxe3 Qh5 31. Rd2 a4 32. Bb2 Qh6 33. Rde2 axb3 34. axb3 Ra6 35. Qe6+ Kh8 36. Qd7 Ba5 37. b4 Bb6+ 38. Kh1 Ba7 39. Qxb7 Ra4 40. Re8 Bf2 41. Rxf8+ Nxf8 42. Re8 Kg8 1-0

[Event "EWICC 2019"]
[Site "Antalya"]
[Date "2019.04.18"]
[Round "7.12"]
[White "Balajayeva, Khanim"]
[Black "Salimova, Nurgyul"]
[Result "1/2-1/2"]
[WhiteElo "2358"]
[BlackElo "2415"]
[Annotator "ChessBase"]
[PlyCount "172"]
[EventDate "2019.04.11"]
[EventType "swiss"]
[EventCountry "TUR"]
[SourceTitle "playchess.com"]
[Source "ChessBase"]
[SourceQuality "1"]

1. e4 e5 2. Nf3 Nc6 3. Bb5 a6 4. Ba4 Nf6 5. O-O b5 6. Bb3 Bc5 7. Re1 d6 8. c3 O-O 9. a4 Rb8 10. d4 Bb6 11. h3 h6 12. axb5 axb5 13. Na3 Ba6 14. Bd5 Ne7 15. dxe5 dxe5 16. Nxe5 Nfxd5 17. exd5 Nxd5 18. Qf3 Bb7 19. Qg3 Kh8 20. Nxb5 Ra8 21. Rxa8 Qxa8 22. c4 Nf6 23. Nc3 Bd4 24. Nb5 Bb6 25. Be3 Bxe3 26. fxe3 Ne4 27. Qf4 Kg8 28. h4 Nc5 29. Re2 Ne6 30. Qg3 Qa1+ 31. Kh2 Rd8 32. Nd4 Nxd4 33. exd4 Rxd4 34. Qf2 Qd1 35. Qxf7+ Kh7 36. Ng4 Rxg4 37. Qf5+ Rg6 38. h5 Qd6+ 39. Re5 Qxe5+ 40. Qxe5 Rxg2+ 41. Kh3 c5 42. Qf5+ Kh8 43. Qxc5 Rxb2 44. Qe5 Rb3+ 45. Kg4 Kh7 46. Qf5+ Kh8 47. Qf8+ Kh7 48. c5 Rb4+ 49. Kf5 Rh4 50. Qe8 Bf3 51. Qg6+ Kh8 52. Qg3 Rxh5+ 53. Ke6 Bh1 54. Qb8+ Kh7 55. Qb1+ Kg8 56. Qc2 Rg5 57. Qb1 Bg2 58. Qc2 Bf3 59. Qb3 Be4 60. Ke7+ Bd5 61. Qb8+ Kh7 62. Qb1+ Kg8 63. Kd6 Kf7 64. c6 Bxc6 65. Kxc6 Rg6+ 66. Kd7 Rf6 67. Qb3+ Kg6 68. Ke7 Kh7 69. Qd3+ Kg8 70. Qd4 Rf7+ 71. Ke6 Rf6+ 72. Ke5 Kh8 73. Qd8+ Kh7 74. Qc8 h5 75. Qc1 Kh8 76. Qg5 Rh6 77. Qh4 Kg8 78. Kf5 Kh8 79. Kg5 Kg8 80. Qc4+ Kh8 81. Kh4 Kh7 82. Qe4+ Kh8 83. Qa8+ Kh7 84. Qe8 Rf6 85. Kxh5 Rh6+ 86. Kg5 Rf6 1/2-1/2

[Event "EWICC 2019"]
[Site "Antalya"]
[Date "2019.04.18"]
[Round "7.13"]
[White "Brunello, Marina"]
[Black "Osmak, Iulija"]
[Result "1-0"]
[WhiteElo "2356"]
[BlackElo "2399"]
[Annotator "NA"]
[PlyCount "78"]
[EventDate "2019.04.11"]
[EventType "swiss"]
[EventCountry "TUR"]
[SourceTitle "playchess.com"]
[Source "ChessBase"]
[SourceQuality "1"]

1. e4 e6 2. d4 d5 3. e5 c5 4. c3 Qb6 5. Nf3 Nc6 6. Be2 cxd4 7. cxd4 Nh6 8. Bxh6 gxh6 9. Qd2 Bg7 10. Nc3 O-O 11. O-O f6 12. exf6 Rxf6 13. Rad1 Bd7 14. Ne1 Raf8 15. f4 R6f7 16. Nc2 Qxb2 17. Nb5 a6 18. Rb1 Qxa2 19. Ra1 Qb2 20. Rfb1 Qxa1 21. Rxa1 axb5 22. Rf1 b4 23. Nxb4 Nxb4 24. Qxb4 Rxf4 25. Rd1 Bc6 26. Qb6 Kh8 27. Bf3 Ra8 28. h3 Ra4 29. Kh1 Rf8 30. Qc5 Rc4 31. Qd6 Ra8 32. Qxe6 Rxd4 33. Rxd4 Bxd4 34. Bxd5 Re8 35. Qf7 Re1+ 36. Kh2 Be5+ 37. g3 Re2+ 38. Kh1 Bxd5+ 39. Qxd5 Re1+ 1-0

[Event "EWICC 2019"]
[Site "Antalya"]
[Date "2019.04.18"]
[Round "7.14"]
[White "Caglar, Sila"]
[Black "Milliet, Sophie"]
[Result "1-0"]
[WhiteElo "2140"]
[BlackElo "2394"]
[Annotator "NA"]
[PlyCount "103"]
[EventDate "2019.04.11"]
[EventType "swiss"]
[EventCountry "TUR"]
[SourceTitle "playchess.com"]
[Source "ChessBase"]
[SourceQuality "1"]

1. e4 c5 2. Nf3 d6 3. d4 cxd4 4. Nxd4 Nf6 5. Nc3 a6 6. Be2 e5 7. Nb3 Be7 8. O-O O-O 9. Bf3 Be6 10. Be3 Nbd7 11. a4 Nb6 12. Nd2 Rc8 13. a5 Nc4 14. Nxc4 Rxc4 15. Qd3 Qc7 16. Rfc1 Rc8 17. h3 Qd7 18. Bd2 h6 19. b3 Rd4 20. Qe2 d5 21. exd5 Nxd5 22. Nxd5 Bxd5 23. Be3 Bxf3 24. Qxf3 Rd5 25. Bb6 Rc6 26. Rd1 Rcd6 27. Rxd5 Rxd5 28. Re1 Bb4 29. c4 Rd3 30. Re3 Rd1+ 31. Kh2 f5 32. g4 fxg4 33. Qxg4 Qxg4 34. hxg4 Bd2 35. Rf3 Bf4+ 36. Kg2 Kf7 37. b4 Rb1 38. Bc5 Ke6 39. Rd3 e4 40. Rd8 Kf6 41. Rd7 Rc1 42. Rxb7 Rxc4 43. Rb6+ Kg5 44. Rxa6 Rc2 45. Re6 Kxg4 46. a6 Ra2 47. a7 e3 48. Rxe3 Bxe3 49. Bxe3 h5 50. b5 h4 51. b6 h3+ 52. Kh2 1-0